[Event "Haninge"]
[Site "Haninge SWE"]
[Date "1992.??.??"]
[Round "8"]
[White "Kharlov, Andrei"]
[Black "Andersson, Ulf"]
[Result "0-1"]
[WhiteElo "2545"]
[BlackElo "2605"]
[EventDate "1992.05.??"]

1. e4 c5 2. Nf3 Nc6 3. Bb5 g6 4. Bxc6 bxc6 ( 4. ... dxc6 {je obvyklejsi v 
moderni praxi velmistru} ) 5. O-O Bg7 6. Re1 Nf6 7. e5 Nd5 8. c4 Nc7 9. d4
cxd4 10. Qxd4 Ne6 11. Qh4 h6 12. Nc3 d6 13. Rd1 Bb7 14. Be3 c5 15. Nd5?! D
{lepsi pokus je } ( 15. exd6 exd6 16. Qg3 += {jako v partii Borgo - 
Genocchio, St.Vincent 1998} ) 15. ... dxe5 {nejlepsi pokracovani pro 
cerneho.  Na oplaku za mirnou materialni nevyhodu dostane velkou pozicni 
kompenzaci. } 16. Nf6+ Bxf6 17. Rxd8+ Rxd8 18. Qg3 h5! {Dalsi presny tah. 
Cerny neprimo brani pesce e5 a provokuje oslabeni kralovskeho kridla 19.h4
} 19. h4 D {Cerny dominuje na d-sloupci a dulezitem poli d4 ; navic ma 
velmi silneho strelce na b7 . Co je dulezite v teto pozici je to ze po 
rosade cerny kral je bezpecny a bila dama nema nic na utoceni. Jak by 
melal pokracovat partie?} 19. ... O-O! {Cerny vraci pesce e5 a obsazuje 
dulezite pole d4, jezdcem odkud kontroluje hodne poli.
19...e4? je slabsi kvuli 20.Ng5+-. At je cerny jezdec vymenen na e6 nebo 
jde na d4, bila dama dosahne na silne pole c7. Ani cerny se nesnazi hrat 
20...Bxg5 21. Bxg5 take. Navic tah 19..e4 zkracuje diagonalu strelci na 
b7. Je vsak jina komplikovna moznost s 19...Ng7} ( 19. ... Ng7 20. Nxe5 ( 
20. Bxc5 Nf5 21. Qh3 Rd3 22. Bxa7 Nxh4 {s velmi nejasnou pozici. Cerny 
jiste ma protihru ale bili pesci nelze podcenovat. } ) 20. ... Nf5 21. Qh2
Nxh4 22. f3 ~ ) 20. Nxe5 Nd4 21. Bxd4?! {pochybne rozhodnuti, jelikoz 
cerne veze se stanou velmi dominantni a po dalsim ... Rfd8 ovladnou 
d-sloupec. To by bylo lepsi hrat a vyckavaci hru s 21.Re1 ..} ( 21. Re1 
Nf5 22. Qf4 Nd4 = ) 21. ... Rxd4 {vynikajici pozice pro vez. } 22. Re1 
Rfd8 D 23. Qb3 {Bily zahazuje svou posledni sanci na remizu. Bud hodnoceni
bileho pozice bylo prilis optimisticke a byl rozhodnut vyhratm nebo 
prehledl chytrou remizu opakovanim na konci teto varianty: } ( 23. Nxg6 
Rg4 ( 23. ... fxg6 24. Qxg6+ Kf8 25. Qh6+ Kg8 26. Qg6+ = ) 24. Qc7 Rxg2+ 
25. Kf1 Rd2 26. Re2 Rd1+ 27. Re1 Rd2 = ) 23. ... Be4 24. Nf3?! {Lepsi 
pokus je} ( 24. f3 Bxe5 25. Rxe4 Rd1+ 26. Kf2 R8d2+ 27. Re2 Kg7 ~ ) 
24. ... Bxf3 25. Qxf3 Rxc4 =+ {Cerny ma perfektni cil na f2 a navic b2 a 
h4 pesci visi. Dale je dulezite si vsimnout ze jeho struktura na kral. 
kridle nema slabiny a ze jeho kral je velmi bezpecny. } 26. g3 ( 26. b3 
Rc2 27. Re2 Rc1+ 28. Kh2 Bxh4 29. Qf4 Rdd1 30. Qb8+ Kg7 31. g3 Rh1+ 32. 
Kg2 Bf6 33. Qxa7 -/+ D ) 26. ... Rc2 {Jelikoz cerny nyni hrozi zdvojit 
veze na 2 rade, Bily meni veze a opousti pesce b. } 27. Re2 Rxb2 28. Rxb2 
Bxb2 29. Qb7 Rd1+ {Cerne figury spolupracuje velmi dobre navzajem a s 
volnym pescem c; vyhraji partii vzhledem k bezmocnosti bile damy. Jedina 
obranna moznost by byl vecny sach,. Ale to neni mozne vzhledem k silne 
formaci pescu na kralovskem kridle. V partii bily chce mit sveho pesce a 
dostat dopredu, ale to vede k prohre. } 30. Kg2 Bd4 31. Qxa7 {Ani jine 
pokracovani nesliibuje protihru. } ( 31. Qxe7 Rd2 32. Qxa7 c4 33. Qb8+ Kg7
34. Kh3 c3 35. Qf4 Bf6 36. a3 Re2 37. Kg2 c2 38. Qc1 Bd4 -+ ) 31. ... Rd2 
32. a4 c4 33. Qc7 c3 34. a5 Rxf2+ 35. Kh3 e5 36. Qc4 c2 37. a6 Be3 0-1

[Event "Paulisto Ch"]
[Site "Sao Caetano do Sul"]
[Date "1999.??.??"]
[Round "6"]
[White "Andersson, Ulf"]
[Black "Loureiro, Luiz Vasconcellos"]
[Result "1-0"]
[WhiteElo "2623"]
[BlackElo "2365"]
[EventDate "1999.??.??"]
[PlyCount "75"]
[EventType "swiss"]
[EventRounds "6"]
[EventCountry "BRA"]
[Source "ChessBase"]
[SourceDate "1999.11.16"]
[WhiteTeamCountry "GER"]
[BlackTeamCountry "SUI"]

1. d4 d5 2. Nf3 Nf6 3. c4 c6 4. Nc3 dxc4 5. a4 Bf5 6. e3 e6 7. Bxc4 Bb4 8.
 O-O O-O 9. Qe2 Nbd7 10. Rd1 Ne4 11. Na2 Be7 D 12. Bd3! {Je nekolik partii
s timto poradim tahu a 12.Bd3 se ukazuje jako nejlepsi odpoved} ( 12. b3 
a5 13. Bb2 Qb6 14. Nc3 Rfd8 15. Nxe4 Bxe4 16. Nd2 Bc2 17. Rdc1 Bg6 = {
Uhlman- Starck, Eggesin ch DDR 1978} ) 12. ... Qc7 13. Qc2 Nd6 14. e4 Bg6 
( 14. ... Bg4 {je jina zajimava moznost} ) 15. Bf4 += {Bily dominuje v 
centru a ma vyhodu v prostoru, ale cerneho pozice nebyla oslabena.} 
15. ... Rfc8 16. Nc3 a5 17. Qe2 Bf8 18. Rac1 Qd8 19. h3 {BIly dela 
uzitecny tah a vytvari unikove pole. fNemuze ziskat primo vyhodu s 
predcasnou dynamickou akci jako 19.d5} 19. ... Qe8 20. Re1 c5 21. d5? {
vzacna pozicni chyba Anderssona, ktery musel spatne ohodnotit pozici potom
co by zavrena pomoci 21...e5 a potom c4 a ... Nc5. Bily mohl misto toho 
drzet pozicni vyhodu s 21.Nb5:} ( 21. Nb5 Nxb5 ( 21. ... c4 22. Bxd6 cxd3 
23. Qxd3 +/- ) 22. Bxb5 Qd8 23. Rcd1 +/- {a bily vyviji silny tlak na 
sloupci d.} ) 21. ... e5 22. Be3 c4 23. Bc2 Nc5 24. Nd2 Ra6?! {Cerny by 
rad tahl svou vezi na b6 a utocil na pesce b, ale musi myslet na vazbu na 
jezdci c5 jestli to udela. Lepsi pokus je } ( 24. ... Na6 25. Bb1 Nb4 ~ ) 
25. f3! ( 25. Nxc4 Nxc4 26. Qxc4 Nxe4 27. Qb5 Nxc3 28. Qxe8 Rxe8 29. bxc3 
Rc8 {cerny vice mene vyrovnava hru} ) 25. ... Rb6 26. Qf2! D {nasledujici 
vymeny musi byt propocitany do hloubky v tomto bodu. Dalsi tahy jsou 
vynuceny. Zkuste propocitat dalsi takticke komplikace po Rxb2} 26. ... 
Rxb2 27. Bxc5 Rxc5 28. Qxc5 Nxe4 29. Qe3! {Tato silna pozicni obet damy 
byla planovana bilym na 25.tahu. Zajimave, alternativni varianta 29.Qxa5 
take vede k pozici s obeti damy: } ( 29. Qxa5 Bc5+ 30. Kh1 Nf2+ 31. Kh2 
Bb6 32. Qxb6 Rxb6 33. Nxc4 +/- ) 29. ... Bc5 30. fxe4 Bxe3+ 31. Rxe3 +/- D
{Co vzniklo je vzacne vidane rozlozeni materialu: veza a dva jezdci proti 
dame a dvoum pescum. Ale neni pochyb o jasne vyhode bileho. Bily ma 
silneho, chraneneho volneho pesce d5, cerny pesec c4 je velmi slaby a pro 
okamzik cerny strelec na g6 je mimo hru.} 31. ... Qc8 ( {Cerna vez muze 
byt chycena taktickym trikem} 31. ... Rb4 32. Na2 Rb2 ( 32. ... Rb6 33. 
Nxc4 Ra6 34. Rb1 +- ) 33. Nxc4 Rxa2 34. Bb3 +- ) 32. Nd1 Qc5 33. Kh1 Qd4 
34. Re2?! {Bily dela taktickou nepresnost. } ( 34. Nxb2 Qxe3 35. Nbxc4 Qc5
36. Rb1 +- ) 34. ... c3? ( 34. ... Rb4! 35. Nf3 Qb6 36. Re3! +/- ( 36. 
Nxe5 Bh5 37. g4 Qf6 {s protisancemi} ) ) 35. Nf3 Rxc2? {chyby se mohou asi
vysvetlit casovou tisni, ale tento tah nyni definitivne prohrava. V 
komplikovane pozici po } ( 35. ... Qc4 36. Rf2 +/- {je bileho vyhoda jeste
zalozena na chranenem volnem pesci na d5. } ( 36. Bd3 Qxd3 37. Rxb2 Bxe4 ~
) ) 36. Rexc2 Qxe4 37. Nxc3 Qf4 38. d6 ( 38. d6 Bxc2 39. Rxc2 Qf5 40. Ne4!
+- ( 40. Rd2 +-- ) ) 1-0

[Event "Palma de Mallorca"]
[Site "Palma de Majorca ESP"]
[Date "1972.??.??"]
[Round "Umeni obrany "]
[White "Robatsch, Karl"]
[Black "Andersson, Ulf"]
[Result "0-1"]
[WhiteElo "2460"]
[BlackElo "2535"]
[EventDate "1972.??.??"]
[PlyCount "102"]

{str. 139} 
1. e4 c5 2. Nf3 d6 3. d4 cxd4 4. Nxd4 Nf6 5. Nc3 e6 6. f4 Be7 7. Bd3 a6 8.
 Nf3 Qc7 9. O-O Nbd7 10. Qe1 e5 11. Kh1 O-O 12. fxe5 dxe5 D {Toto je 
vzacna linie Sicilske Scheveningenu. Cerny se bude snazit vyvinou damske 
kridlo .... b5 a ...Bb7 a tlacit na pesce e4, zatimco bily se bude 
pokouset tahem Nh4-f5 iniciovat  utocnou hru na kralovskem kridle. } ( 
12. ... Nxe5 13. Bg5 Be6 14. Nd4 Nfg4 15. Bxe7 Qxe7 16. Nf5 Qg5 17. Qg3 
Bxf5 18. Rxf5 Qe3 19. Qh4 Nh6 20. Rg5 Nhg4 21. Rxg4 Nxg4 22. Qxg4 Rae8 23.
 Rf1 Re6 24. Bc4 Rg6 25. Rxf7 {1-0 Wedberg - Annakov, Manila Olympiad 1992
} ) 13. Bg5 h6 14. Bd2 b5 15. a3 Re8 {tah Re8 dela prostor pro strelce  
nebo jezdce na f8} 16. Nh4 Bb7 17. Nf5 Bf8 18. Qh4 {bily vybudoval hodne 
tlaku na kral. kridle a jeho utocna pozice je velmi hroziva. } 18. ... Qd8
{toto prekryva Nf6 a planuje mozne ... Nc5} 19. Rf2?! D {19. Rf3 je lepsi,
s moznosti umisteni veze na g-sloupec.  Najdete dobrou obrannou moznost 
pro cerneho. } 19. ... Re6! {profylakticky tah. Vez nejen brani f6 ale 
kontroluje celou 6. radu, coz bude hrat dulezitou roli v behu partie. } 
20. Raf1 ( 20. b4 {bylo lepsi aby zabranilo dulezitemu postaveni .. Nc5 a 
pokracovalo v utoku. Ale cerny by mel obranyschopnou pozici po } 20. ... 
Ne8 21. Qg4 Rg6 22. Qf3 += ) 20. ... Nc5 21. Qg3 Kh8 22. Re1 Rc8 23. Qh3 
Rc7! {Hrano se zamerem vyvinuti silne protihry po d-sloupci pomoci. ... 
Rd7.} 24. Bc1 Rd7 {s tlakem po d-sloupci neni slabsi.} ( {cerny take mohl 
vzit na e4 s vyhodou: } 24. ... Ncxe4 25. Nxe4 Nxe4 26. Rff1 Ng5 27. Bxg5 
Qxg5 28. Nd4 Re8 =+ ) 25. Rf3 Nfxe4 26. Nxe4 Nxe4 27. Ref1 ( 27. Rff1 {je 
lepsi. BIly musi kousnout strelu a vyslat vez zpatky  na f1 a snad potom 
jit lovit v kalnych vodach. } ) 27. ... Ng5 ( 27. ... Nc5 28. Rg3 Nxd3 29.
 cxd3 -/+ ) 28. Bxg5 Qxg5 29. Rg3 Qd2 {aktivni obranny tah ktery obahuje 
takticke prvky. Zde obrana  29...Qd8 take prichazi v uvahu, a byla by lepe
chranena posledni rada. } 30. Nd4!? {Bily zkousi triky. Navzdory pesci 
navic, cerny musi byt na pozoru a vzdy hlidat protihrozby. 30.Nd4 zamysli 
po 30...Rxd4 hrat 31.Qxe6. Na druhe strane 30.Nh4 Rf6-+ je jasne vyhodne 
pro cerneho. } 30. ... Rf6 ( 30. ... Rxd4 31. Qxe6 Rxd3 32. Qxf7 Rxg3 33. 
Qxb7 Rg4 34. Rxf8+ Kh7 35. h3 Qe1+ 36. Kh2 Qg3+ 37. Kh1 Rd4 38. Rf1 {bily 
muze byt z horsiho venku, ale ma nejake sance. } ) 31. Nf3 ( 31. Qxd7 Qxd3
-+ ) ( 31. Rxf6 gxf6 32. Nf3 Qc1+ 33. Ng1 Bc5 34. Bf1 Rd8 35. Qf5 Qf4 -/+ 
{Jake aktivni prostredek cerny nasadi nakonec? } ) 31. ... Rxd3! {Cerny  
je takticky na vrcholne forme a obetuje damu, ktera mu da protiutok po 2. 
rade proti g2. Soucasne je bileho utok odrazen. } 32. Nxd2 Rxd2 33. Rgf3 (
33. Rc1 Rxc2 -/+ ) ( 33. Rb1 Bc5 34. Qh5 Bf2! 35. Rd3 ( 35. Rg4 Bd4 36. c3
Rxb2! -+ ) 35. ... Rxc2 36. Qd1 Rg6 37. Rg3 Rxg3 38. hxg3 Be4 -/+ D 39. 
Rc1 Rxb2 40. Qg4 Bg6 41. Qc8+ Kh7 42. Qxa6 Be4 43. Kh2 Bd4 -+ ) 33. ... 
Bxf3 34. gxf3 Rxc2 -+ {ciste z materialniho hlediska, cerna vez, strelec a
dva pesci mu davaji jasnou vyhodu, ale to samotne neni tady rozhodujici; 
co dela rozdil je mnoho pozicnich vyhod:
1. cerny pevne dominuje 2 radou
2. Bila pescova struktura s h2 a f3 byla oslabena a tak ma pozici bileho 
krale.
3. Cerneho pescova struktura je kompaktni a cerny kral je velmi bezpecne 
umisten. Tak bila dame skutecne nema cile k utoku. } 35. b4 g6 36. Qg3 Re6
37. Rf2 Rc1+ 38. Kg2 Kg7 39. Re2 Bd6 ( 39. ... Rc3! ) 40. Qh4 Be7 41. Qe4 
Bg5 42. Rc2 Rxc2+ 43. Qxc2 Rd6 44. Qc8 h5! {Cerny chce ziskat pesce h2, 
tak muze potom postoupit pescem h.} 45. Qb7 Bf4 {cerne figury spolupracuji
harmonicky. Strelec ma utocne a obranne funkce. } 46. h3 h4 47. Qc8 Rd2+ 
48. Kg1 Rd3 49. Qxa6 Rxf3 50. Qxb5 Rxh3 51. a4 Rc3 ( 51. ... Rc3 52. a5 h3
53. Qf1 Rc1 54. Qxc1 Bxc1 55. b5 Bf4 56. b6 e4 57. a6 Be3+ 58. Kh2 Bxb6 -+
) 0-1

[Event "Clare Benedict Cup"]
[Site "Copenhagen DEN"]
[Date "1977.??.??"]
[Round "5.3"]
[White "Janetschek, Karl"]
[Black "Andersson, Ulf"]
[Result "0-1"]
[WhiteElo "2335"]
[BlackElo "2565"]
[EventDate "1977.??.??"]

{str 141} 
1. e4 c5 2. Nf3 e6 3. d4 cxd4 4. Nxd4 Nc6 5. Nc3 a6 6. Be3 Qc7 7. Be2 Nf6 
8. O-O b5 9. Nxc6 dxc6 10. f4 Bb7 11. e5 D Rd8 {Vzacna varianta Taimanov 
Paulsen komplexu v Sicilske. Alternativy jsou 11...b4 a 11...Nd5} 12. Qe1 
Nd7 ( 12. ... Nd5 13. Nxd5 cxd5 14. c3 Bc5 15. Bd4 += {Sveshnikov - 
Gofsthtein, Leningrad 1976 - a mame francouzskou sgrukutur, kde ma bily 
mirnou vyhodu v prostoru a lepsiho belopolneho strelce. } ) 13. Qg3 g6 {V 
2000 nova ruska hvezda Yakovenko Dmitry zde hral 13...c5, po cemz bily 
vyvolal  komplikace s 14.f5  Galliamova - Yakovenko, Samara 2000. Tah 
Anderssona tomu brani, ovsem, ale ma nevyhodu ze pole f6 je citelne 
oslabene. Tento tah je take casto hran ve francouzskych strukturach. } 14.
 Ne4 c5 {Tento tah je vice nebo mene vynucen aby aktivoval strelce b7.} 
15. Ng5 {zajimavy pokus. Zde stalo za uvahu i 15.Bf3 } 15. ... Bg7 16. 
Nxf7 {Zde byly mozne take normalni tahy 16.Rad1, 16.c4 nebo 16.Bf3 . Bily 
zkousi tvurci obet figury, kterea nebyla zcela korektni, ale ktera postavi
cernemu obranne problemy. Andersson musi prijmout obet a potom najít celou
serii jedinych tahu. } 16. ... Kxf7 17. f5 {Toto je co bily zamyslel. 
Brutaln nastup aby otevrel pozici cerneho krale. Cerny nyni musi pocitat 
hodne variant a predvest silne nervy. Co je nejslibnejsi pokracovani 
obrany pro cerneho? } 17. ... Nxe5! {Cerny nachazi nejlepsi obrannou 
moznost. Jezdec je velmi dobre centralizovan na e5 a kryje hodne 
dulezitych bodu jako f7, g6 a dokonce g4. Ovsem dalsi varianty musely byt 
pocitany presne. Posice neni neni pro slabe nervy. Po } ( 17. ... gxf5 18.
 Rxf5+! Kg8 ( 18. ... exf5? 19. e6+ +- ) 19. Bh6 Nf8 20. Rf6 Ng6 21. Bxg7 
Qxg7 22. Bg4 Nf8 23. Raf1 {Cerny muze jeste mit vyhodu materialni, ale 
bily pokracuje  v utoku. Jakakoli chyba cerneho vede k okamzite prohre.} )
( 17. ... Bxe5 18. fxg6+ Ke7 ( 18. ... Ke8 19. g7 Rg8 20. Qg5 ~ ) 19. Rf7+
Kd6 ~ ) 18. fxg6+ {Nebo bily mohl donutit krale do centra: } ( 18. fxe6+ 
Kxe6 {Po jinych tazich krale 19. Rf7 vede k vyhode bileho. Kral se muze 
citit nepohodlne na e6, ale neni videt mat. Napriklad po sachu 19.Qh3 Kd6 
cerny muze prevest krale na damske kridlo.} ) 18. ... Kg8 19. Rf7 {Jedina 
moznost k pokracovani utoku} 19. ... Rd7 {jediny tah, jelikoz jine 
pokracovani dalo bilemu velmi silny utok... } ( 19. ... Qb8 20. Bf4 {se 
zamerem 21.Rxg7+} 20. ... Rd5 21. c4! +- ) 20. Bf4 Qc6! {Toto nuti bileho 
vzit na g7, jelikoz Ne5 je nyni odvazan. Avsak Andersson musel pocitat 
vymeny velmi presne,  az do konce. Po } ( 20. ... Rxf7 21. gxf7+ Kf8 {na 
druhe strane vez h8 neni ve hre a kral je stale exponovan nebezpeci. Tah v
partii byl dobry zpusob koordinace cernych figur. Brilantni priklad 
aktivni obrany.} ) 21. Rxg7+ Rxg7 22. Bxe5 Rxg6 23. Bf3 Rxg3 24. Bxc6 Rg5!
D {Velmi presne, jelikoz varianta s 24...Re3 nevede nikam: 25.Bf4 Bxc6 
26.Bxe3. Cerny pesec na c5 pada a bily ma dokonce mirnou vyhodu.} 25. Bf6 
( 25. Bxb7 Rxe5 26. Bxa6 b4 27. a4 bxa3 28. bxa3 =+ Kf7 ) 25. ... Rg6 26. 
Bxb7 Rxf6 27. Bxa6 b4 28. a4 {Toto je nutne aby privedl bilou vez do hry. 
} 28. ... bxa3 29. Rxa3 {Bily musel udelat tezke rozhodnuti: mel vytvorit 
volneho pesce nebo okamzite aktivovat vez? Zadne pokracovani neni dost pro
vyrovnani, ale po 29.bxa3 volny pesec nuti cerneho k postaveni pasivni 
veze: } ( 29. bxa3 Kg7 30. a4 Ra8 31. Bb5 Ra5 32. Rd1 Ra7 33. Ra1 Kf7 =+ {
a bily ma jeste remizove sance. } ) 29. ... Kg7 30. Bd3 Rd8! D {cerny 
hrozi 31...c4 a aktivuje svou neucinnou vez na h8} 31. Ra7+ {zde je take 
tezke rozhodnuti. Mel vymenit vez a ziskat druheho pesce nebo prijmout 
pasivni pozici 31.b3 nebo 31.g3?  Po 31.b3 h5 32.Ra5 Rd5+/- cerny planuje 
... Rf4 aby aktivoval sveho krale a prevedl ho na e5.} 31. ... Rf7 32. 
Rxf7+ Kxf7 33. Bxh7 Rd2 34. Kf1?! {Ztrata tempa. Bylo lepsi 34.Bd3 hned, 
tak ze po 34...Kf6 mohl dat sve pesce do pohybu 35.h4:} ( 34. Bd3 Kf6 35. 
h4 c4 36. Bxc4 Rxc2 37. b3 e5 38. Kh2 =+ {a bily je znacne lepsi nez byl v
partii. } ) 34. ... Kf6 35. Be4 ( 35. Bd3 Ke5 36. h4 Kf4 -/+ ) 35. ... Ke5
36. Ke1 Rd8 {Bily mohl zahnat vez z 2. rady, ale cerny kral potom pronika 
bilou pozici s tempem. } 37. Bd3 Kd4 38. h4 {Bylo pruznejsi:} ( 38. Kd2 c4
39. Be2 e5 40. h4 Rb8 41. c3+ Ke4 42. Kc2 Rg8 43. g4 Ke3 44. Bd1 e4 -+ ) 
38. ... Rh8 39. g3 Ke3 40. Bg6 Ra8 41. Kf1 Kf3 42. Ke1 D {jaka je 
nejpresnejsi cesta pro cerneho k vyhre?} 42. ... e5! {Cerny dostane 
volneho pesce na e3. To je vice v linii s planem nez 42..Kxg3} 43. h5 e4 
44. h6 Ra1+ 45. Kd2 Rh1 46. h7 e3+ 47. Kd3 Kf2 {Bily tvrde bojoval. Cerny 
se musel branit velmi presne nez mohl prejit do protiutoku. } 0-1

[Event "Bilbao"]
[Site "Bilbao"]
[Date "1987.??.??"]
[Round "?"]
[White "Izeta Txabarri, Felix"]
[Black "Andersson, Ulf"]
[Result "0-1"]
[WhiteElo "2380"]
[BlackElo "2600"]
[EventDate "1987.06.??"]

1. d4 Nf6 2. c4 e6 3. Nc3 d5 4. Nf3 Nbd7 5. cxd5 exd5 6. Bg5 c6 7. e3 Be7 
8. Qc2 O-O 9. Bd3 Re8 10. O-O g6 D {Toto je zajimavy obranny system proti 
vymenne variante damskeho gambytu. Silny propagator systemu je Argentinec 
IM Guillermo Soppe. Idea systemu je prijmout  preventivni formaci proti 
minoritnimu utoku bileho a pomoci snadardniho mnanevru v Karlsbad 
strukture .. Nh5-g7, ... Nb6, ... Bf5 vymenit spatneho belopolneho 
strelce. } 11. Rae1 {Vez je centralizovana, takze pozdeji jezdec f3 muze 
hrat na e5, nasledovano f2-f4 a tlacit proti damskemu kridlu. Bily muze 
take zvolit minoritni utok s :} ( 11. Rab1 Nh5 12. Bxe7 Qxe7 13. b4 a6 14.
 a4 Nb6 15. b5 axb5 16. axb5 c5! D {Toto je bod cerne obrany. Zbavuje se 
zpozdeneho pesce a ziska vyrovnanou hru: } 17. dxc5 Qxc5 18. Rfc1 Nf6 19. 
Ne2 Qxc2 20. Rxc2 Ra3 21. Rc3 Rxc3 22. Nxc3 Bd7 {Tato zajimava koncovka 
vzkla jako vysledek rady vymen. Po vymene vezi, cerny dokazal postupem 
krale na c5 ze skutecna slabina neni izolovany pesec na d5 ale slaby pesec
b5: } 23. Nd4 Rc8 24. Rc1 Kf8 25. Nce2 Rxc1+ 26. Nxc1 Ke7 27. Ncb3 Kd6 28.
 Kf1 Na4 29. Ke1 Kc7 30. Nd2 Kb6 31. N2f3 Be8 32. Ne5 Nd7 33. Nxd7+ Bxd7 
34. Kd2 Nc5 35. Be2 Ne4+ 36. Ke1 Kc5 37. Bd3 Nd6 38. Kd2 Bxb5 39. Nxb5 
Nxb5 40. h4 h6 41. e4 dxe4 42. Bxe4 Nd6 43. Bb1 Kd4 44. f3 b5 {0-1  v 
Miniboeck - Soppe, Istanbul Olympiad 2000} ) 11. ... Nh5 12. Bxe7 Rxe7 {
Dulezita jemnost. Zde na 12...Qxe7 by bylo 13.e4, s taktickymi hrozbami na
sloupci e.} 13. b4 Ndf6 {Cerny je nyni pripraven na ... Ng7 s dalsim ... 
Bf5 a bude kontrolovat pole e4} 14. Ne5 ( 14. b5 cxb5 ( 14. ... Ng7 15. 
bxc6 bxc6 16. Na4 +/- ) 15. Bxb5 ( 15. Nxb5 Ng7 16. Rc1 Bf5 17. Ne5 a6 18.
 Nc3 Rc8 19. Qb3 Rec7 ~ ) 15. ... Ne4 16. Rc1 Nhf6 = ) 14. ... Ng7 15. f4?
{vazna pozicni chybam, ktera trvale oslabuje pole e4, nadevse po vymene 
belopolnych strelcu. 15.a4 je lepsi tah.} 15. ... Bf5 16. Bxf5 Nxf5 17. g4
!? {Bily by rad umistil pesce na g5 aby zabranil heho centralniho jezdce 
zahnat pomoci ... f7-f6. Avsaak tah take zahrnuje dalsi slabiny na bilych 
polich. } 17. ... Nd6 18. h4?! D {Tento tah oslabuje pole g3 a pozici 
krale. Navbic pesec h4 se stava cilem. Bileho idea sestava z toho ze po 
g4-g5, utoci po h-sloupci pomoci Qh2 a h4-h5. Avsak to vyzaduje prilis 
casu. 18.h4?! je dobry priklad jak opatrny musi byt s postupem pescu 
kralovskeho kridla bez nalezite pripravy. Lepsi pokus je } ( 18. g5 Nfe4 
19. a4 =+ ) 18. ... Nfe4 19. Nxe4 Nxe4 20. g5 a5! {Cerny dava tuto silnou 
pescovou paku.} 21. a3 Qd6 {Toto utoci b4 a pripravuje ... Qe6 a potom ...
Qf5} 22. Rb1 axb4 23. axb4 Qe6 24. Qh2 Qf5 -/+ {Toto take brani budoucimu 
f4-f5. Bileho slabiny jsou neopravitelne. } 25. Rbc1 D {Zde by 25...Ra3 
byla dobra odpoved, davajici cernemu trvalou iniciativu, ale Andersson 
nasel silny pozicni tah, ktery vzal bilemu jakoukoli protihru. Jaky to byl
tah?} ( 25. Ra1 {coz bere cernemu sloupec a by nepomohlo bilemu take, 
jelikoz cerny dominuje na bilych polich. } 25. ... Ree8 26. h5 gxh5 27. 
Kg2 Rxa1 28. Rxa1 Rxe5! 29. dxe5 Qg4+ 30. Kh1 Qf3+ -+ ) 25. ... h5! {
FIxuje pescovou slabinu na h4 a provokuje gxh6} 26. gxh6?! {Nyni jezdec je
zahnan z postaveni pomoci ... f6 a blizi se konec. Silnejsi odpor by mohl 
byt } ( 26. Ra1 Ree8 27. Qg2 Nd6 28. Ra5 Rxa5 29. bxa5 Ra8 30. Ra1 Nc4! 
31. Nxc4 dxc4 -/+ {Bileho dama je vazana ke kral. kridlu protoze jeho 
pesci jsou velmi slabi.} ) 26. ... Kh7 27. Ra1 Rxa1 28. Rxa1 f6 29. Nf3 
Kxh6 30. Qg2 Nd6! {Rozhodujici preskupeni: ... Nc4 bude vyvijet masivni 
tlak na slaby bod na e3. Je to elegantni konec partie. } 31. Re1 {Lepsi 
pokus je 31. Nh2-+} 31. ... Nc4 32. Kf2? D ( 32. Nh2 {by kladlo tvrdsi 
odpor, ackoli pozicni vyhoda cerneho je vyznamna. } ) 32. ... Nxe3! ( 
32. ... Nxe3! 33. Rxe3 Qc2+ -+ ) 0-1